Statistieken voor 15 Grootste Steden van België op een Kaart

Klik hier om de quiz te nemen!

Algemene statistieken

  • Deze quiz is 3.501 keer genomen
  • De gemiddelde score is 11 van 15

Antwoorden op de kaart

Antwoorden kleurgecodeerd door een groen-rode schaal op de quizkaart volgens % correct hieronder.
Laden...
 

Antwoordstatistieken

InwonersaantalStad% Correct
2.055.698Brussel
99%
1.035.740Antwerpen
98%
460.473Gent
92%
672.421Luik
88%
169.516Brugge
88%
98.970Oostende
73%
172.769Leuven
69%
162.685Namen
67%
138.505Hasselt
67%
92.050Genk
65%
411.494Charleroi
62%
145.776Mechelen
59%
149.783Kortrijk
56%
240.824Bergen
55%
96.204Sint-Niklaas
40%

Scoreverdeling

Percentiel versus Aantal Correcte Antwoorden

Procent van Mensen met Elke Score

Uw Scoregeschiedenis

U heeft deze quiz nog niet genomen